Experiencing our biblical heritage (Record no. 22473)

MARC details
000 -LEADER
fixed length control field 00588cam a2200181 a 4500
020 ## - INTERNATIONAL STANDARD BOOK NUMBER
ISBN 1565634969 (pbk.)
020 ## - INTERNATIONAL STANDARD BOOK NUMBER
ISBN 9781565634961 (pbk.)
082 00 - DEWEY DECIMAL CLASSIFICATION NUMBER
Classification number 230.0411
Author Cutter MUR
100 1# - MAIN ENTRY--AUTHOR NAME
Author name Murphy, Roland E.
245 10 - TITLE STATEMENT
Title Experiencing our biblical heritage
260 ## - PUBLICATION, DISTRIBUTION, ETC. (IMPRINT)
Place of publication Peabody, Mass. :
Name of publisher Hendrickson Publishers,
Year of publication c2001.
300 ## - PHYSICAL DESCRIPTION
Number of Pages xv, 185 p. ;
650 ## - SUBJECT ADDED ENTRY--TOPICAL TERM
Topical Term Spiritual Life, Bible Old Testament,
856 42 - ELECTRONIC LOCATION AND ACCESS
Uniform Resource Identifier http://www.loc.gov/catdir/description/hend021/2001024798.html
856 42 - ELECTRONIC LOCATION AND ACCESS
Uniform Resource Identifier http://www.loc.gov/catdir/enhancements/fy0706/2001024798-b.html
942 ## - ADDED ENTRY ELEMENTS (KOHA)
Koha item type Books

No items available.

                   Copyright © 2026 | Henry Martyn Institute | Hyderabad | TS-500052 | INDIA | Implemented by hmi.edu.in
Hit-Count:

Powered by Koha